Представление документа в формате MARC21

Поле Инд. ПП Название Значение
Тип записи a
Библиографический уровень b
001 Контрольный номер RU/IS/BASE/196436148
005 Дата корректировки 20200522191012.8
008 Кодируемые данные 20060323
084 a Индекс другой классификации/Индекс ББК 74.48; 60.9р3
100 1_ a Автор Беличева С. А.
q Полное имя Беличева Светлана Афанасьевна
245 a Заглавие Учебная программа "Психологические основы социальной работы" (для факультетов социальной работы)
504 a Библиография Библиогр.
650 a Основная рубрика высшее образование
a Основная рубрика образование
a Основная рубрика профессиональное образование
a Основная рубрика социальная работа
653 a Ключевые слова педагогика
a Ключевые слова подготовка социальных работников
a Ключевые слова подготовка специалистов
a Ключевые слова психосоциальная работа
a Ключевые слова учебные планы
a Ключевые слова учебные программы
700 a Автор Рыбакова Н. А.
q Полное имя Рыбакова Надежда Александровна
773 t Заглавие источника Вестник психосоциальной и коррекционно-реабилитационной работы
d Дата издания источника 2002
g Прочая информация № 2. - С. 3 - 29
w Контрольный № источника RU/IS/BASE/111247412
901 t Тип документа b